Penggunaan media dalam modul pendidikan kanak-kanak istimewa di taman asuhan kanak-kanak istimewa Pasir Panjang, Selangor /
محفوظ في:
| المؤلف الرئيسي: | |
|---|---|
| التنسيق: | أطروحة كتاب |
| اللغة: | Malay |
| الموضوعات: | |
| الوسوم: |
إضافة وسم
لا توجد وسوم, كن أول من يضع وسما على هذه التسجيلة!
|
| LEADER | 01280cam a2200313 i 4500 | ||
|---|---|---|---|
| 001 | u1009068 | ||
| 003 | SIRSI | ||
| 005 | 201501191545 | ||
| 008 | 150119s2011 my t 000 0 may m | ||
| 040 | |a UMA |e rda | ||
| 043 | |a a-my-se | ||
| 094 | |a BP43.1 |b M4 2011 Shans | ||
| 100 | 0 | |a Shahril Naim Satar, |e author. | |
| 245 | 1 | 0 | |a Penggunaan media dalam modul pendidikan kanak-kanak istimewa di taman asuhan kanak-kanak istimewa Pasir Panjang, Selangor / |c Shahril Naim Satar ; diselia oleh Dr. Norrodzoh @ Nor Raudah Haji Siren |
| 264 | 1 | |c 2011 | |
| 264 | 4 | |c 2011 | |
| 300 | |a ix, 87 leaves : |b illustrations ; |c 30 cm. | ||
| 502 | |b B.A. |c Jabatan Dakwah dan Pembangunan Insan, Akademi Pengajian Islam, Universiti Malaya |d 2011 | ||
| 336 | |a text |2 rdacontent | ||
| 337 | |a unmediated |2 rdamedia | ||
| 338 | |a volume |2 rdacarrier | ||
| 504 | |a Bibliography: leaves 82-83. | ||
| 650 | 0 | |a Teaching |x Religious aspects |x Islam. | |
| 650 | 0 | |a Early childhood education |z Selangor. | |
| 700 | 0 | |a Norrodzoh Haji Siren, |e degree supervisor. | |
| 710 | 2 | |a Universiti Malaya. |b Jabatan Dakwah dan Pembangunan Insan, |e degree granting institution. | |
| 596 | |a 12 | ||
| 900 | |a NSM | ||
| 999 | |a BP43.1 M4 2011 SHANS |w LC |c 1 |i A516065541 |d 29/1/2015 |f 29/1/2015 |g 1 |l STACKS |m P12ISLAMKL |r Y |s Y |t TESIS |u 29/1/2015 | ||
